1686 1364 1983 1563 1929 1547 1516 1982 1401 1700 1696 1983 1069 1339 1000 1216 1912 1268 1555 1534 1970 1256 1938 1653 1834 1588 1819 1006 1914 1722 1818 1601 1518 1623 1700 1557 1237 1155 1049 1513 1161 1413 1672 1869 1766 1500 1528 1312 1970 1120 1090 1339 1490 1502 1303 1424 1117 1444 1256 1374 1903 1605 1975 1478 1851 1613 1275 1269 1447 1306 1788 1214 1567 1694 1971 1846 1943 1305 1367 1861 1381 1159 1425 1423 1200 1622 1459 1893 1494 1850 1655 1338 1146 1514 1427 1732 1848 1466 1321 BCNSPRNW ULIB Ver.6.0+V

เปลี่ยนเป็นภาษาไทย

Change to English
 แสดงรายละเอียดบรรณานุกรม
  กลับหน้าหลัก

Brief Record : Get Marc (ISO 2709) : E-mail record : QR code < ปิดหน้าต่าง
LEADER : 00000nam 2200000uu 4500
001    13399113212
003     ULIB
008    111003s2553||||th 000 0 tha d
020    9786117033155
041 1  tha^heng
050 04 QB^bค796ว 2553
100 1  เคอร์รอด, โรบิน
245 10 วิถีความเป็นไปแห่งเอกภพ = The way the universe works /^cโดยโรบิน เคอรอด และ ไจลส์ สแปรโรว์ ; [สุทัศน์ ยกส้าน, แปล]
250    พิมพ์ครั้งที่ 2
260    กรุงเทพฯ :^bปาเจรา,^c2553
300    160 หน้า :^bภาพประกอบสี ;^c29 ซม
505 2  ดูเอกภพ -- ระบบสุริยะ -- ดาวเคราะห์ -- ดาวฤกษ์ -- กาแล็กซี -- เอกภพที่ลึกลับ
650  7 ดาราศาสตร์
650  7 จักรวาล
650  7 ดาราศาสตร์^xการทดลอง
700 1  สแปรโรว์, ไจลส์
700 0  สุทัศน์ ยกส้าน
700 12 Kerrod, Robin.^tThe way the universe works
700 12 Sparrow, Giles.^tThe way the universe works
945    ^p565^l0^i028876
995    ทศพร
999 ^a ทศพร
รายการนี้ยังไม่มีแท็ก
คุณยังไม่ได้ล็อกอิน คุณสามารถมีกิจกรรมร่วมกับเว็บไซต์ได้ แต่ต้องล็อกอินก่อน ::
  ล็อกอิน

รายการสื่อสารสนเทศ

ลำดับที่ ประเภท เลขเรียก/บาร์โค้ด สถานที่ สถานะ
- ไม่พบข้อมูล -

รายการใกล้เคียง
    หัวเรื่อง [ดาราศาสตร์]
    หัวเรื่อง [จักรวาล]

BibComment


ยังไม่เคยถูกคอมเมนท์

คอมเมนท์ทรัพยากรรายการนี้
  คอมเมนท์: วิถีความเป็นไปแห่..


 Copyright 2026. Bcnsprnw @Library